LDR 00625naa#a2200169#i#450# 001 EN\RIOR\bibl\124991 005 20260629104235.1 011 ## _a2409-6024 100 ## _a20260530b2026####ek#y0engy0150####ca 102 ## _aRU 200 1# _aDetecting early signals of shifts in consumer preferences via topic trend analysis of user reviews on a digital platform _eJournal article 210 1# _aMoscow _cPublishing Center RIOR _d2026 215 ## _a12 с. 608 ## _aJournal article _2local 675 ## _aМатематическая экономическая теория. 330.42 _z 700 #1 _aChernikov _gVladimir Vladimirovich 856 4# _ariorpub.com _u